00723nam a22002057a 4500999001900000005001700019010001500036020002700051035001400078037001400092082001400106100001800120245007600138260003900214270003700253300002700290500004400317942002800361952012800389 c158092d15809220181016124212.0 aENG-124293 a9788182904231c1995.00 aEN-107825 bDBAD/PUB. a780.95421 aPandit, Meeta aIndia's heritage of gharana music pandits of gwalior /cby Meeta Pandit aGurgaonbShubhi Publicationsc2018 a479, Sector-14,bGurgaone122001 a260p.c21cm.(Hb)bill. aIt includes bibliography and glossary. 2ddccENmPANh780.95421 001040718NFICaDBADbBNd2018-10-16eDBAD/PUBg1995.00l0o780.95421 PANpEN-107825r2018-10-16 00:00:00t1v1995.00yEN